KOHA-Header-6

Deep Learning for Coders with Fastai and PyTorch: (Record no. 13752)

000 -LEADER
fixed length control field 00363nam a22001337a 4500
020 ## - INTERNATIONAL STANDARD BOOK NUMBER
ISBN 9781492045526
082 ## - DEWEY DECIMAL CLASSIFICATION NUMBER
Classification number 006.31
100 ## - MAIN ENTRY--AUTHOR NAME
Personal name Jeremy Howard & Sylvain Gugger
245 ## - TITLE STATEMENT
Title Deep Learning for Coders with Fastai and PyTorch:
Remainder of title AI Applications Without a PhD
250 ## - EDITION STATEMENT
Edition statement 1st ed.
260 ## - PUBLICATION, DISTRIBUTION, ETC. (IMPRINT)
Place of publication USA
Name of publisher O'Reilly Media
Year of publication 2020
300 ## - PHYSICAL DESCRIPTION
Number of Pages 621 pages
942 ## - ADDED ENTRY ELEMENTS (KOHA)
Koha item type Books
Holdings
Withdrawn status Lost status Collection code Permanent Location Current Location Shelving location Date acquired Full call number Accession Number Koha item type
    Computer Networking MAJU MAJU Shelf No.A33 2023-05-25 006.31 10846 Books

Powered by Koha